| 000 | 00585nam a2200217Ia 4500 | ||
|---|---|---|---|
| 008 | 180523s9999 xx 000 0 und d | ||
| 020 | _a971-511-639-6 | ||
| 050 | _aMAIN BV 4501.2 | ||
| 050 | _b.Y36 2000 | ||
| 100 | _aYancey, Philip. | ||
| 245 | 0 | _aReaching for the invisible God : | |
| 245 | 0 | _bwhat can we expect to find? / | |
| 245 | 0 | _cPhilip Yancey. | |
| 260 | _aManila : | ||
| 260 | _bOMF Literature, | ||
| 260 | _c2000 | ||
| 300 | _a301 pages : | ||
| 300 | _c21 cm. | ||
| 500 | _aIncludes bibliographical references. | ||
| 650 | _aSpiritual life -- Christianity. | ||
| 999 |
_c356534 _d356534 |
||